000 00838nam a2200217Ia 4500
003 GCL
008 140319s9999 xx 000 0 ara d
040 _aGCL /
_cGCL
082 0 4 _aق
_b962.1
_bا ر
100 1 _aابراهيم ابراهيم عنان
245 1 0 _aرشيد فى التاريخ :
_b(دراسة فى التاريخ والاثار والسياحة) /
_cابراهيم ابراهيم عنان
260 _aالقاهرة :
_bمؤسسة شباب الجامعة ،
_c1987
300 _a234 ص ؛
_c24 سم
650 0 4 _aرشيد - تاريخ
650 0 4 _aرشيد - النشاط الاقتصادى
650 0 4 _aرشيد - التخطيط العمرانى
650 0 4 _aرشيد - الحياة الاقتصادية
650 0 4 _aرشيد - السياحة
650 0 4 _aالاعلام - رشيد
942 _2ddc
_cBK
999 _c30931
_d30931